Movies Quiz

Random Movies or Clickable Quiz

Three Movies: 'I & J' Actors Quiz Stats

 Plays Quiz Updated Apr 11, 2018

Challenge
Share
Tweet
Embed
Score 0/30 Timer 07:00
9 Plays Today
% Correct
Jolie, Angelina
91.7%
Jackson, Samuel L.
90.4%
Jackman, Hugh
89.4%
Jones, Tommy Lee
87.1%
Johansson, Scarlett
82.8%
James, Kevin
82.5%
Jones, James Earl
79.3%
Jovovich, Milla
76.9%
Idle, Eric
72.7%
Johnson, Dwayne
66.5%
Irons, Jeremy
63%
Julia, Raul
62.8%
Jeong, Ken
61.3%
Jordan, Michael B.
61%
Judd, Ashley
54.7%
% Correct
Janssen, Famke
54.4%
Ifans, Rhys
47.8%
Johnson, Don
44.9%
Jones, Vinnie
43.8%
Jackson, Joshua
42.4%
Ironside, Michael
40.8%
Jane, Thomas
40.4%
Jones, January
38.1%
Irving, Amy
38.1%
Jackson, Glenda
37.2%
Jacobi, Derek
34.2%
Jacob, Irène
30.3%
Jenkins, Richard
29.1%
Jones, Orlando
28.2%
Jones, Toby
24.1%

You're not logged in!

Compare scores with friends on all Sporcle quizzes.
Join for Free
OR
Log In

You Might Also Like...

Show Comments

Extras

Top Quizzes Today


Score Distribution

Your Account Isn't Verified!

In order to create a playlist on Sporcle, you need to verify the email address you used during registration. Go to your Sporcle Settings to finish the process.

Report this User

Report this user for behavior that violates our Community Guidelines.

Details: